LEADER 01374nam 2200349 450 001 996575100703316 005 20230420230514.0 010 $a1-66545-185-8 035 $a(CKB)5590000001028478 035 $a(NjHacI)995590000001028478 035 $a(EXLCZ)995590000001028478 100 $a20230420d2022 uy 0 101 0 $aeng 135 $aur||||||||||| 181 $ctxt$2rdacontent 182 $cc$2rdamedia 183 $acr$2rdacarrier 200 10$a2022 IEEE/ACM International Workshop on Performance Modeling, Benchmarking and Simulation of High Performance Computer Systems (PMBS) /$fIEEE Computer Society 210 1$a[Place of publication not identified] :$cIEEE Computer Society,$d2022. 215 $a1 online resource 311 $a1-66545-186-6 330 $aThe PMBS21 workshop is concerned with the comparison of high performance computer systems through performance modeling, benchmarking or through the use of tools such as simulators. 517 $a2022 IEEE/ACM International Workshop on Performance Modeling, Benchmarking and Simulation of High Performance Computer Systems 606 $aHigh performance computing$vCongresses 615 0$aHigh performance computing 676 $a004.11 801 0$bNjHacI 801 1$bNjHacl 906 $aBOOK 912 $a996575100703316 996 $a2022 IEEE$92807321 997 $aUNISA